000 00739nam a2200229Ii 4500
003 JO-AjNU
008 230605s9999||||xx |||||||||||||| ||und||
017 _a1991/4843
020 _a977-16-0022-2
040 _aJO-AjNU
_bara
_erda
_cJO-AjNU
041 _aara
050 1 4 _aPN6071.T7.N3734 1991
100 3 _aتأليف نصار، حسين,
_eauthor
_913942
245 0 0 _aأدب الرحلة
250 _aط1
264 3 1 _aالقاهرة: الشركة المصرية العالمية للنشر، 1991
300 _a161ص
336 _atext
_btxt
_2rdacontent
337 _aunmediated
_bn
_2rdamedia
338 _avolume
_bnc
_2rdacarrier
650 4 _a الأدب العربي - تاريخ ونقد - رحلة في الأدب
_913943
999 _aA3600
_c7168
_d7168